|
|
|
|
| LEADER |
00000nam0a2200000 4500 |
| 001 |
113544 |
| 005 |
20231101215131.0 |
| 020 |
|
|
|a RU
|b 82-85226
|
| 035 |
|
|
|a (RuTPU)RU\TPU\book\122803
|
| 090 |
|
|
|a 113544
|
| 100 |
|
|
|a 20070412d1982 m y0rusy5003 ca
|
| 101 |
0 |
|
|a rus
|
| 102 |
|
|
|a RU
|
| 105 |
|
|
|a a z 000gy
|
| 200 |
1 |
|
|a Там небеса и воды ясны...
|e Стихотворения, баллады, сказки
|f В. А. Жуковский
|g авт. предисл. и послесл., с. 299-318, Р. В. Иезуитова
|
| 210 |
|
|
|a Тула
|c Приокское кн. изд-во
|d 1982
|
| 215 |
|
|
|a 319 с.
|c ил., 1 л. портр.
|d 20 см
|
| 225 |
1 |
|
|a Отчий край
|
| 610 |
1 |
|
|a русская литература
|
| 610 |
1 |
|
|a стихотворения
|
| 610 |
1 |
|
|a баллады
|
| 610 |
1 |
|
|a сказки
|
| 675 |
|
|
|a Р1
|z rus
|v 3
|
| 700 |
|
1 |
|a Жуковский
|b В. А.
|c русский поэт
|c академик Петербургской АН
|f 1783-1852
|g Василий Андреевич
|2 stltpush
|3 (RuTPU)RU\TPU\pers\1101
|9 499
|
| 702 |
|
1 |
|a Иезуитова
|b Р. В.
|4 080
|
| 801 |
|
0 |
|a RU
|b RuMRKP
|c 19950704
|g psbo
|
| 801 |
|
1 |
|a RU
|b 63413507
|c 20070412
|g PSBO
|
| 801 |
|
2 |
|a RU
|b 63413507
|c 20070813
|g PSBO
|
| 942 |
|
|
|c BK
|